| 000 | 00358 a2200133 4500 | ||
|---|---|---|---|
| 020 | _a8121908310 | ||
| 082 | _a355.74 | ||
| 090 |
_c1141 _d1141 |
||
| 100 | _aBhattacharya S. N. | ||
| 245 |
_aInstallation Serviceing and Maintenance _cS. N. Bhattacharya |
||
| 260 |
_aNew Delhi _bS. Chand & Company LTD> _c1995 |
||
| 300 | _a287 | ||
| 942 |
_aNBS _cBK _k355.74 BHA |
||
| 999 |
_c343671 _d343671 |
||